El Contrato de opcin̤

Bibliographic Details
Main Author: Talma Charles, Javier
Format: Book
Language:Spanish
Published: Barcelona : Jos ̌Mara̕ Bosch, 1996
Series:Biblioteca de derecho privado ; 71
Subjects:
Online Access:Acceso restringido

MARC

LEADER 00000cam a2200000 a 4500
005 20111223145516.0
007 cr|||| ||||
008 970416s1996 spc|||||| 001 ||spa|
017 |a DL B. 36210-1996  |a DL B. 19840-2010  |b Biblioteca de Catalunya 
020 |a 8476984057 
020 |a 9788476984055 
035 |a 1117 
040 |d vLex 
043 |a e-sp---  |b e-sp---  |2 catmarc 
080 |a 347.741 
080 |a 347.440.76 
090 |c 2878  |d 2878 
100 1 |a Talma Charles, Javier 
245 1 3 |a El Contrato de opcin̤   |h [Recurso electrn̤ico] /  |c Javier Talma Charles 
256 |a Servicio en ln̕ea 
260 |a Barcelona :  |b Jos ̌Mara̕ Bosch,  |c 1996 
300 |a 1 recurso electrn̤ico 
500 |a Reimpresiones: 2010 
504 |a Bibliografa̕ p. 375-394. Referencias bibliogrf̀icas 
504 |a Índice 
506 1 |a Contenido solo disponible en los productos indicados  |d vLex Global   |d vLex Global (Academic Edition, excluding Law Schools)   |d vLex Global (U.S. Academic Edition, Law Schools)   |d vLex Global (U.S. Academic Edition, excluding Law Schools)   |d vLex Global (Academic Edition, Law Schools)  
650 0 4 |a Opcin̤ (Contratos)  |z Espaą 
650 0 4 |a Contratos  |z Espaą 
650 0 4 |a Opcin̤ (Derecho) 
740 0 |a vLex Libros (Servicio en ln̕ea) 
830 0 |a Biblioteca de derecho privado ;  |v 71 
856 4 0 |u http://vlex.com/source/contrato-opcion-1117  |z Acceso restringido 
942 |c BOOK 
999 0 |a Contracts 
999 0 |a Commercial law